| Tag |
First Indicator |
Second Indicator |
Subfields |
| LEADER |
00000cam a2200000 4500 |
| 001 |
in00000061876 |
| 005 |
20151008051100.0 |
| 008 |
750814s1950 eng u |
| 010 |
|
|
|a 51004096
|
| 035 |
|
|
|a (OCoLC)01547555
|
| 035 |
|
|
|9 AAG5584AM
|
| 040 |
|
|
|c FBA
|d TXA
|d UtOrBLW
|
| 049 |
|
|
|a TXAM
|c [183786]
|
| 050 |
0 |
0 |
|a BL87
|b .M8 1950
|
| 082 |
0 |
|
|a 204
|
| 092 |
|
|
|a 204
|b M982s
|
| 100 |
1 |
|
|a Murray, Gilbert,
|d 1866-1957.
|
| 245 |
1 |
0 |
|a Stoic, Christian, and humanist /
|c [Essays].
|
| 264 |
|
1 |
|a Boston :
|b Beacon Press,
|c 1950.
|
| 300 |
|
|
|a 189 pages ;
|c 19 cm.
|
| 336 |
|
|
|a text
|b txt
|2 rdacontent
|
| 337 |
|
|
|a unmediated
|b n
|2 rdamedia
|
| 338 |
|
|
|a volume
|b nc
|2 rdacarrier
|
| 504 |
|
|
|a Bibliography: pages 17-18.
|
| 650 |
|
0 |
|a Religion.
|
| 999 |
|
|
|a MARS
|
| 999 |
f |
f |
|s 5f2f0511-d682-3f80-b8a2-9998de15721e
|i 86cc7178-6c51-333a-9528-480aed3d5997
|t 0
|
| 952 |
f |
f |
|p ric
|a Texas A&M University
|b Rellis Campus
|c Joint Library Facility
|d Remote Storage
|t 0
|e BL87 .M8 1950
|h Library of Congress classification
|i unmediated -- volume
|m A14800598995
|
| 998 |
f |
f |
|a BL87 .M8 1950
|t 0
|l Remote Storage
|